Možnosti tvorby báze znalostí zemědělských expertních systémů

Možnosti tvorby bázy znalostí expertných systémov. Metóda rozhodovacích tabuliek. Úloha expertných systémov v rohodovacích procesoch. Charakteristické črty expertných systémov. Štruktúra expertného systému. Získavanie znalostí pre tvorbu bázy. Validácia a verifikácia bázy znalostí. Rozhodovacie tabu...

Ausführliche Beschreibung

Gespeichert in:
Bibliographische Detailangaben
1. Verfasser: Vostrovský, Václav
Format: Buchkapitel
Sprache:Tschechisch
Schlagworte:
Tags: Tag hinzufügen
Keine Tags, Fügen Sie das erste Tag hinzu!

MARC

LEADER 00000naa a2200000 4500
001 r040321
005 20230922112015.8
041 0 |a cze 
044 |a CZ 
245 1 0 |a Možnosti tvorby báze znalostí zemědělských expertních systémů  |c Václav Vostrovský 
520 |a Možnosti tvorby bázy znalostí expertných systémov. Metóda rozhodovacích tabuliek. Úloha expertných systémov v rohodovacích procesoch. Charakteristické črty expertných systémov. Štruktúra expertného systému. Získavanie znalostí pre tvorbu bázy. Validácia a verifikácia bázy znalostí. Rozhodovacie tabulky ako nástroj pre automatickú tvorbu bázy znalostí. Definícia a princíp rozhodovacích tabuliek. Navrhnutá metóda tvorby bázy znalostí s použitím RT. Prínosy navrhnutej metódy pre proces tvorby bázy znalostí. 
610 2 0 |a báza znalostí 
610 2 0 |a systémy expertné 
610 2 0 |a tabuľky rozhodovacie 
610 2 0 |a získavanie informácií 
610 2 0 |a metodika 
610 2 0 |a inžinierstvo informačné 
610 2 0 |a poľnohospodárstvo 
610 2 0 |a spracovanie dát 
100 1 |a Vostrovský, Václav